00286pam a2200109 a 4500020001600000041000500016082001500021100001900036245005000055260003400105653003700139 a812101383c h a615.5bKAB aKabat, Hugh F. aClinical Pharmacy HandbookhTextual Documents aPhiladelphiabLea and Febiger aTherapeutics & Clinical Pharmacy